|
|
|
|
| LEADER |
02619cam a2200685 i 4500 |
| 001 |
nkc20203240750 |
| 003 |
CZ PrNK |
| 005 |
20201104105411.0 |
| 007 |
ta |
| 008 |
200728t20202020xr g d 000 0 cze d |
| 015 |
|
|
|a cnb003240750
|
| 020 |
|
|
|a 978-80-7345-647-4
|q (vázáno) :
|c Kč 495,00
|
| 035 |
|
|
|a (OCoLC)1200256768
|
| 040 |
|
|
|a ULG001
|b cze
|d OLA001
|e rda
|
| 072 |
|
7 |
|a 811.162.3
|x Čeština
|2 Konspekt
|9 11
|
| 080 |
|
|
|a 811.162.3
|2 MRF
|
| 080 |
|
|
|a 811.162.3'276.12
|2 MRF
|
| 080 |
|
|
|a 81'276
|2 MRF
|
| 080 |
|
|
|a 81'276.45
|2 MRF
|
| 080 |
|
|
|a 81'282
|2 MRF
|
| 080 |
|
|
|a 81'373.6
|2 MRF
|
| 080 |
|
|
|a (038)81
|2 MRF
|
| 080 |
|
|
|a (038.072)81
|2 MRF
|
| 100 |
1 |
|
|a Hugo, Jan,
|d 1955-
|7 jn20010310099
|4 aut
|4 edt
|
| 245 |
1 |
0 |
|a Slovník nespisovné češtiny :
|b argot, slangy a obecná mluva od nejstarších dob po současnost : historie a původ slov /
|c Jan Hugo a kol.
|
| 250 |
|
|
|a 4. rozšířené vydání
|
| 264 |
|
1 |
|a Praha :
|b Maxdorf,
|c [2020]
|
| 264 |
|
4 |
|c ©2020
|
| 300 |
|
|
|a 528 stran ;
|c 24 cm
|
| 336 |
|
|
|a text
|b txt
|2 rdacontent
|
| 337 |
|
|
|a bez média
|b n
|2 rdamedia
|
| 338 |
|
|
|a svazek
|b nc
|2 rdacarrier
|
| 500 |
|
|
|a Obálkové podnázvy: periferie českého jazyka : řeč podsvětí, slangy, mluva mládeže, lidové výrazy, původ a historie slov, 19000 hesel
|
| 504 |
|
|
|a Obsahuje bibliografii a bibliografické odkazy
|
| 650 |
0 |
7 |
|a čeština
|7 ph135292
|2 czenas
|
| 650 |
0 |
7 |
|a obecná čeština
|7 ph281867
|2 czenas
|
| 650 |
0 |
7 |
|a slang
|7 ph138993
|2 czenas
|
| 650 |
0 |
7 |
|a argot
|7 ph138994
|2 czenas
|
| 650 |
0 |
7 |
|a dialekty
|7 ph114314
|2 czenas
|
| 650 |
0 |
7 |
|a etymologie
|7 ph135251
|2 czenas
|
| 650 |
0 |
9 |
|a Czech language
|2 eczenas
|
| 650 |
0 |
9 |
|a common Czech
|2 eczenas
|
| 650 |
0 |
9 |
|a slang
|2 eczenas
|
| 650 |
0 |
9 |
|a argot
|2 eczenas
|
| 650 |
0 |
9 |
|a dialects
|2 eczenas
|
| 650 |
0 |
9 |
|a etymology
|2 eczenas
|
| 655 |
|
7 |
|a jazykové slovníky
|7 fd132493
|2 czenas
|
| 655 |
|
7 |
|a etymologické slovníky
|7 fd132220
|2 czenas
|
| 655 |
|
7 |
|a výkladové slovníky
|7 fd133855
|2 czenas
|
| 655 |
|
9 |
|a language dictionaries
|2 eczenas
|
| 655 |
|
9 |
|a etymological dictionaries
|2 eczenas
|
| 655 |
|
9 |
|a explanatory dictionaries
|2 eczenas
|
| 910 |
2 |
|
|a BOA001
|b 2-1452.415
|
| 920 |
|
|
|a 016020003721603
|z ULG001
|
| 990 |
|
|
|a BK
|
| 995 |
|
|
|a 01
|
| 991 |
|
|
|b 202009
|c NOV
|
| 996 |
6 |
|
|b 2610834221
|c 2-1452.415
|l MZK
|r Sklad / do 1 hodiny
|n 2
|p p.v.
|w 001818372
|u 000010
|a 1
|e BOA001
|j MZK50
|s P
|
| 996 |
6 |
|
|b 2610836146
|c 2-1452.415
|l MZK
|r HSS 4p
|n 0
|p kup
|h 811.162.3 HUG
|w 001818372
|u 000020
|a 0
|e BOA001
|j MZK50
|s P
|
| 996 |
7 |
|
|b 2610836147
|c 2-1452.415
|l Vol.výběr
|r VV 1p
|n 10
|p kup
|h 811.162.3 HUG
|w 001818372
|u 000030
|a 0
|e BOA001
|j MZK50
|s A
|